Marx's theory of politics (Record no. 33249)

MARC details
000 -LEADER
fixed length control field 00265nam a2200109Ia 4500
082 ## - DEWEY DECIMAL CLASSIFICATION NUMBER
Classification number 032
Item number MAG
100 ## - MAIN ENTRY--AUTHOR NAME
Personal name J M
245 #0 - TITLE STATEMENT
Title Marx's theory of politics
260 ## - PUBLICATION, DISTRIBUTION, ETC. (IMPRINT)
Place of publication London
Name of publisher Cambridge University
Year of publication 1978
942 ## - ADDED ENTRY ELEMENTS (KOHA)
Koha item type Books
Holdings
Withdrawn status Lost status Damaged status Not for loan Home library Current library Date acquired Cost, normal purchase price Full call number Accession Number Koha item type
        RRII Library RRII Library 16/12/2021 9.00 032 MAG 13749 Books